000 00393nam a2200157Ia 4500
008 230917s9999||||xx |||||||||||||| ||und||
020 _cRS250
040 _e17478
_aMAIN
041 _aEnglish
082 _a519.2 R196S
100 _aRavichandran, N
245 0 _aStochastic methods in reliability theory
260 _aNew Delhi
_bWiley Eastern
_c1990
300 _aviii,201 p.
942 _cBK
999 _c84849
_d84849